Music Quiz

Random Music or Lyrics Quiz

'Comfortably Numb' Lyrics Quiz Stats

Quiz Updated Oct 13, 2012

Challenge
Share
Tweet
Embed
Score 0/246 Timer 08:00
6 Plays Today
% Correct
I
98.9%
I
98.9%
I
98.9%
I
98.9%
I
98.9%
I
98.9%
I
98.9%
I
98.9%
I
98.9%
I
98.9%
I
98.9%
I
98.9%
I
98.9%
I
98.9%
I
98.9%
the
98.6%
A
98.6%
the
98.6%
a
98.6%
a
98.6%
a
98.6%
a
98.6%
the
98.6%
A
98.6%
the
98.6%
a
98.6%
a
98.6%
the
98.6%
The
98.6%
The
98.6%
you
94%
you
94%
you
94%
you
94%
You
94%
you
94%
you
94%
you
94%
you
94%
you
94%
You
94%
Is
93.5%
Is
93.5%
is
93.5%
is
93.5%
is
93.5%
is
93.5%
is
93.5%
in
92.8%
in
92.8%
in
92.8%
numb.
92%
numb.
92%
comfortably
91.5%
comfortably
91.5%
can
90.1%
can
90.1%
Can
90.1%
Can
90.1%
there
90.1%
there?
90.1%
there
90.1%
There
90.1%
There
90.1%
no
89.4%
no
89.4%
no
89.4%
be
89.2%
me.
89.2%
me
89.2%
on
87.7%
on
87.7%
on
87.7%
on
87.7%
on
87.7%
on
87.7%
anybody
87.1%
hear
86.3%
hear
86.3%
hear
86.3%
hear
86.3%
Hello?
85.1%
% Correct
Hello?
85.1%
Hello?
85.1%
have
83.6%
have
83.6%
if
83.6%
Just
83.3%
Just
83.3%
just
83.3%
Just
83.3%
are
83%
are
83%
are
83%
are
83%
it
81.1%
it
81.1%
it
81.1%
become
81%
become
81%
anyone
80.3%
feel
79.6%
your
79.1%
your
79.1%
Your
79.1%
Your
79.1%
Come
76.9%
Come
76.9%
home?
76.6%
go.
76.1%
do
75.7%
When
75.6%
When
75.6%
pain
75.3%
pain
75.3%
pain
75.3%
was
74.5%
was
74.5%
was
74.5%
My
74.4%
my
74.4%
my
74.4%
can't
74%
can't
74%
can't
74%
what
73.8%
what
73.8%
at
73.8%
now
73.6%
Now
73.6%
now
73.6%
horizon.
73.4%
horizon.
73.4%
you're
73.3%
you're
73.3%
you're
73.3%
but
73.2%
But
73.2%
but
73.2%
but
73.2%
nod
73.2%
where
71.2%
to
70.9%
to
70.9%
child
70.6%
child
70.6%
child
70.6%
feeling
69.7%
feeling
69.7%
ship
69.4%
ship,
69.4%
had
68.5%
distant
67.9%
distant
67.9%
little
67.7%
little
67.7%
Out
67.3%
like
67.1%
that
66.8%
saying.
66.8%
saying.
66.8%
show
66.8%
show
66.8%
two
65.6%
% Correct
again
65.2%
again.
65.2%
through
65.1%
through
65.1%
through
65.1%
not
65%
not
65%
coming
64.5%
coming
64.5%
only
64.4%
only
64.4%
am.
64.3%
move
64.3%
move
64.3%
lips
64.1%
lips
64.1%
of
64%
of
64%
Get
63.9%
waves.
63.8%
waves.
63.8%
hurts?
62.9%
down.
62%
fever
61.8%
balloons.
61.6%
feet
60.9%
hands
60.3%
felt
60.3%
it's
60%
it's
60%
some
59.8%
This
59.6%
receding
59.5%
receding
59.5%
smoke
59.2%
smoke
59.2%
facts.
58.6%
gone
58.5%
gone.
58.5%
pinprick.
57.9%
how
57.7%
basic
57.6%
ease
56.5%
once
56.5%
sick.
56.5%
up?
55.9%
I've
55.8%
Relax.
55.7%
got
55.7%
need
55.5%
glimpse
54.5%
eye.
54.1%
time
53.7%
fleeting
53.6%
may
53.3%
more,
53%
information
52.8%
corner
52.1%
first.
52%
caught
51.5%
understand
51.2%
good.
51%
would
50.8%
believe
50.6%
ah!
50.4%
dream
50%
look
49.9%
put
49.8%
explain
49.8%
stand
49.7%
finger
48.3%
working,
48%
There'll
47.3%
cannot
46.4%
going
43.4%
Ok
42.9%
grown,
42.5%
turned
42.3%
Well
40.5%
I'll
39.3%
keep
39%
That'll
35.3%

You're not logged in!

Compare scores with friends on all Sporcle quizzes.
Join for Free
OR
Log In

You Might Also Like...

Show Comments

Extras

Top Quizzes Today


Score Distribution

Your Account Isn't Verified!

In order to create a playlist on Sporcle, you need to verify the email address you used during registration. Go to your Sporcle Settings to finish the process.

Report this User

Report this user for behavior that violates our Community Guidelines.

Details: